000 01160nam a2200313 i 4500
003 EG-GICUC
005 20260202080722.0
008 260202s1980 ua ||||fr|||| 00| 0 ara d
040 _a EG-GICUC
_bara
_c EG-GICUC
_d EG-GICUC
_erda
041 0 _aara
082 0 4 _221
_a345.62331
_bم ا . ن
092 0 4 _221
099 _aLaw1 07 345.62331 م ا . ن 1980
100 0 _aماجد راغب الحلو
_eمؤلف.
245 1 0 _aنظرية الظاهر في القانون الإداري.
_nالعدد الأول/
_cماجد راغب الحلو.
264 0 _a[مكان النشر غير محدد] :
_b[الناشر غير محدد],
_c1980.
300 _a89 صفحة ؛
_c24 سم
336 _2rda content
_atext
337 _2rda media
_aComputer
338 _2rda carrier
_aOnline Resource
504 _aيشتمل علي ارجاعات ببليوجرافية.
546 _aالنص باللغة العربية
650 1 4 _aالقانون الإداري
_2qrmak
650 1 4 _aنظرية الموظف الفعلي
651 1 _2qrmak
856 4 0 _uhttps://fll.law.cu.edu.eg/fulltext/bks/B07-03264.pdf
905 _a74
942 _2ddc
_n0
_cBK
_e21
999 _c60199
_d60199